Batman Arkham City heroes/villians characters! - Statistics

General Stats
  • This quiz has been taken 4,644 times
    4,351 since last reset
  • The average score is 19 of 29
Answer Stats
Hint Answer % Correct
Joker
98%
Batman
92%
Robin
88%
Catwoman
87%
Harley Quinn
86%
The Penguin
85%
Two-Face
80%
Mr. Freeze
77%
The Riddler
77%
Bane
76%
Ra's al Ghul
73%
Alfred Pennyworth
72%
Poison Ivy
69%
Killer Croc
68%
Nightwing
68%
Dr. Hugo Strange
67%
Talia al Ghul
66%
Clayface
65%
Commissioner Gordon
62%
Scarecrow
61%
Deadshot
60%
Oracle
57%
Hush
49%
Mad Hatter
49%
Victor Zsasz
44%
Solomon Grundy
40%
Azrael
37%
Calendar Man
28%
Aaron Cash
24%
No matching quizzes found
Score Distribution
Percent of People with Each Score
Percentile by Number Answered
Your Score History
You have not taken this quiz since the last reset